La práctica del maternatge terapèutic en els deficients mentals profunds / (Record no. 146336)

MARC details
000 -LEADER
campo de control de longitud fija 00936nam a2200241 i 4500
001 - NÚMERO DE CONTROL
campo de control 146336
003 - IDENTIFICADOR DE NÚMERO DE CONTROL
campo de control ES-MaACL
005 - FECHA Y HORA DE LA ÚLTIMA TRANSACCIÓN
campo de control 20250829130333.0
007 - CAMPO FIJO DE DESCRIPCIÓN FÍSICA--INFORMACIÓN GENERAL
campo de control de longitud fija t|
008 - DATOS DE LONGITUD FIJA--INFORMACIÓN GENERAL
campo de control de longitud fija 070906s1972 sp ||||1| cat d
100 1# - ENTRADA PRINCIPAL--NOMBRE DE PERSONA
Nombre de persona Tosquelles, Francesc (
Fechas asociadas al nombre 1912-1994)
9 (RLIN) 111103
245 13 - MENCIÓN DEL TÍTULO
Título La práctica del maternatge terapèutic en els deficients mentals profunds /
Mención de responsabilidad, etc. Francesc Tosquelles ; [versió catalana de Ramón Folch i Camarasa].
250 ## - MENCION DE EDICION
Mención de edición [1ª ed.].
260 ## - PUBLICACIÓN, DISTRIBUCIÓN, ETC.
Lugar de publicación, distribución, etc. Barcelona :
Nombre del editor, distribuidor, etc. Nova Terra,
Fecha de publicación, distribución, etc. [1972]
300 ## - DESCRIPCIÓN FÍSICA
Extensión 260 p. ;
Dimensiones 20 cm.
490 1# - MENCIÓN DE SERIE
Mención de serie Col.lecció Nadal. Serie de Psicopedagogía ;
Designación de volumen o secuencia 32
650 #4 - PUNTO DE ACCESO ADICIONAL DE MATERIA--TÉRMINO DE MATERIA
Término de materia o nombre geográfico como elemento de entrada Niños con discapacidad mental-
Subdivisión general Educación.
9 (RLIN) 148837
650 #7 - PUNTO DE ACCESO ADICIONAL DE MATERIA--TÉRMINO DE MATERIA
Término de materia o nombre geográfico como elemento de entrada Pedagogía terapéutica
Fuente del encabezamiento o término embne
9 (RLIN) 15909
700 1# - ENTRADA AGREGADA--NOMBRE PERSONAL
Nombre de persona Folch i Camarasa, Ramon,
Fechas asociadas al nombre 1926-
9 (RLIN) 51450
830 0# - PUNTO DE ACCESO ADICIONAL DE SERIE-TÍTULO UNIFORME
Título uniforme Col.lecció Nadal. Serie de Psicopedagogía ;
Designación de volumen o secuencia 32
9 (RLIN) 220832
852 ## - LOCALIZACIÓN
Ubicación ES-MaACL
Número de control de estantería C-51172
Sublocalización o colección R.82308
Holdings
Estatus retirado Estado de pérdida Estado de daño No para préstamo Biblioteca de origen Biblioteca actual Ubicación en estantería Fecha de adquisición Fuente de adquisición Total de préstamos Signatura topográfica completa Código de barras Visto por última vez Precio de reemplazo Tipo de ítem Koha
        Biblioteca del Ateneo de Madrid Biblioteca del Ateneo de Madrid Depósito 2 17/01/2008     C-51172 1152738 23/02/2023 23/02/2023 Libro impreso